000 00365nam a2200157Ia 4500
005 20250425160851.0
008 250425s9999 xx 000 0 und d
041 _aeng
245 0 _aCAREER OPPORTUNITIES IN OIL AND GAS
250 _aS.E.
260 _aEstados Unidos
_bS.E.
_c1900
260 _aNEW YORK
500 _a665.5023
942 _c01
010 _a7217
999 _c197817
_d197817